US Urban Areas without a major city - Statistics

General Stats
  • This quiz has been taken 52 times
  • The average score is 8 of 15
Answer Stats
Region CSA Rank CSA
Population
Largest city
rank
Largest city
population
CSA % Correct
Northeast 26 2.67m 210 134k New Haven/Hartford/ Waterbury
71%
Northeast 54 1.14m 117 211k Rochester/Greece/ Irondequoit
71%
Northeast 50 1.20m 331 99k Albany/Schenectady/ Troy
63%
Southeast 58 1.08m 195 137k Columbia/Pontiac/ Sumter
63%
Midwest 57 1.09m 209 138k Dayton/Kettering/ Beavercreek
63%
West 22 2.81m 114 210k Salt Lake City/West Valley City/ West Jordan
63%
Northeast 46 1.32m 759 50k Harrisburg/York/ Lebanon
61%
Midwest 40 1.50m 130 199k Grand Rapids/Wyoming/ Kentwood
58%
Southeast 43 1.37m 129 201k Birmingham/Cullman/ Talladega
55%
Southeast 38 1.59m 573 71k Greenville/Spartanburg/ Greer
53%
Southeast 49 1.21m 127 191k Knoxville/Maryville/ Oak Ridge
50%
Northeast 59 1.04m 231 126k Allentown/Bethelehem/ Easton
45%
Southeast 47 1.29m 102 194k Cape Coral/Fort Myers/ Bonita Springs
45%
Southeast 61 1.01m 107 227k Baton Rouge/Prarieville/ Central
37%
Southeast 53 1.15m 441 76k North Port/Sarasota/ Bradenton
34%
No matching quizzes found
Score Distribution
Percent of People with Each Score
Percentile by Number Answered
Your Score History
You have not taken this quiz